=LDR 00000nam 2200000 4500 =001 INLIS000000000035013 =005 20130612140911 =008 ***********************************Ind** =035 ##$$0010-061300000035013 =041 ##$$a Ind =082 ##$$a 388.406 =090 ##$$a 388.406, Mun m =100 ##$$a Munawar,Ahmad =245 ##$$a Manajemen Lalu Lintas Perkotaan, Ahmad Munawar =260 ##$$a 2006 $b Jogyakarta =300 ##$$a ix,213 hlm., ilus., 23 cm =650 ##$$a Lalu Lintas Kota-Manajemen =850 ##$$a NBPNMAT